000 00905cam a22002893a 4500
001 10452
003 PGUSA
005 20140828083224.0
008 031201s2003||||xxu|||||s|||||000 1 eng d
040 _aPGUSA
_beng
042 _adc
050 4 _aPR
100 1 _aDe La Pasture, Henry,
_cMrs,
_d1866-1945
245 1 0 _aPeter's Mother
_h[electronic resource] /
_cHenry, De La Pasture
260 _bProject Gutenberg,
_c2003
506 _aPublic domain in the USA.
516 _aElectronic text
653 _aSouth African War, 1899-1902 -- Veterans -- Fiction
653 _aMothers and sons -- Fiction
653 _aEngland -- Social life and customs -- 20th century -- Fiction
653 _aLove stories
653 _aUpper class -- England -- Fiction
653 _aWidows -- Fiction
830 0 _aProject Gutenberg
_v10452
856 4 0 _uhttp://www.gutenberg.org/ebooks/10452
942 _cEB
999 _c239707
_d239707